Score 0/16 Timer 02:00
0 Plays Today
James Bond film title Missing word % Correct
Live and Let ________Die
96.6%
Licence to ________Kill
96.4%
________ RoyaleCasino
95.7%
For Your ________ OnlyEyes
93.8%
Die ________ DayAnother
92.9%
The ________ with the Golden GunMan
91.8%
________ Are ForeverDiamonds
91.5%
You Only Live ________Twice
90.8%
James Bond film title Missing word % Correct
From ________ with LoveRussia
88.8%
Quantum of ________Solace
86.8%
Dr. ________No
85.6%
The Spy Who ________ MeLoved
84.8%
The World Is Not ________Enough
78.7%
________ Never DiesTomorrow
78.4%
On Her ________ Secret ServiceMajesty's
77.4%
A ________ to a KillView
65.3%

Today's Daily Dose

Remove Ads.
Support Sporcle.
Get the best of Sporcle when you Go Orange. This ad-free experience offers more features, more stats, and more fun while also helping to support Sporcle. Thank you for becoming a member.

You're not logged in!

Compare scores with friends on all Sporcle quizzes.
OR
Log In

Sporcle TV

Today on Sporcle TV


Watch our educational content, quiz creation guides, and fun videos on Sporcle TV.

Show Comments

Extras

Top Quizzes Today


Score Distribution

Paid Content

Your Account Isn't Verified!

In order to create a playlist on Sporcle, you need to verify the email address you used during registration. Go to your Sporcle Settings to finish the process.

Report this User

Report this user for behavior that violates our Community Guidelines.

Details: